| 000 | | | 03472nmc2a2200000 x 450 |
| 001 | | | e48b9849-8515-4227-8687-38cb7190643c |
| 005 | | | 20151218174913.0 |
| 100 | ## | $a | 20150910l18731885k l0rusy0189 ca |
| 101 | 0# | $a | rus |
| 102 | ## | $a | RU |
| 200 | 1# | $a | Дело о ежегодном удержании сумм в пользу инвалидного капитала из процентов выкупной ссуды Таурогенского имения |
| | $j | 1873-1885 гг. |
| 251 | ## | $c | Дело |
| 300 | ## | $a | Дело |
| 801 | #0 | $a | RU |
| | $b | РГИА |
| | $c | 20150910 |
| | $g | RCR |
| 801 | #1 | $a | RU |
| | $b | ГлавНИВЦ |
| | $c | 20150910 |
| | $2 | rusmarc |
| 801 | #2 | $a | RU |
| | $b | ПБ им. Б.Н. Ельцина |
| | $c | 20151218 |
| | $g | RCR |
| | $2 | rusmarc |
| 850 | ## | $a | РГИА |
| 852 | ## | $a | РГИА |
| | $e | Федеральное казенное учреждение "Российский государственный исторический архив" (РГИА) |
| | $j | 1259 |
| 937 | ## | $h | РГИА |
| | $d | 12148107 |
| | $a | ASBIBLIO_SCAN |
| 462 | #0 | $1 | 001822e29f6-cf5c-4253-b938-c1de610979e5 |
| | $1 | 2001 |
| | $a | Архив князей Васильчиковых. 1706-1917 гг. |
| | $1 | 251 |
| | $c | Опись |
| | $1 | 852 |
| | $j | 1 |
| 461 | #0 | $1 | 001f72a1ecb-9a9a-44e3-87ff-4a647e6521fe |
| | $1 | 2001 |
| | $a | Васильчиковы, князья |
| | $1 | 251 |
| | $c | Фонд |
| | $1 | 852 |
| | $j | 651 |
| 215 | ## | $a | 31 л. |
| | $d | 36,5х26 см |
| 371 | ## | $a | Документ не является опубликованным и широко распространяемым |
| 105 | ## | $a | y### |
| 122 | 2# | $a | d |
| 035 | ## | $a | e48b9849-8515-4227-8687-38cb7190643c |